| 000 | 00578cam a2200205 4500500 | ||
|---|---|---|---|
| 005 | 20260329002925.0 | ||
| 041 | _afre | ||
| 042 | _adc | ||
| 100 | 1 | 0 |
_aWilliams, Patrick _eauthor |
| 245 | 0 | 0 | _aLa compagnie des sensibles |
| 260 | _c2014. | ||
| 500 | _a49 | ||
| 690 | _aAnimaux | ||
| 690 | _aBêtes | ||
| 690 | _aChasse | ||
| 690 | _aDressage | ||
| 690 | _aÉthologie | ||
| 786 | 0 | _nPhilosophie magazine | 77 | 3 | 2014-03-01 | p. 34-36 | 1951-1787 | |
| 856 | 4 | 1 | _uhttps://shs.cairn.info/magazine-philosophie-magazine-2014-3-page-34?lang=fr&redirect-ssocas=7080 |
| 999 |
_c1819697 _d1819697 |
||